<?xml version="1.0" encoding="UTF-8"?>
<record
    xmlns:xsi="http://www.w3.org/2001/XMLSchema-instance"
    xsi:schemaLocation="http://www.loc.gov/MARC21/slim http://www.loc.gov/standards/marcxml/schema/MARC21slim.xsd"
    xmlns="http://www.loc.gov/MARC21/slim">

  <leader>01526nam a22003257a 4500</leader>
  <controlfield tag="001">1568</controlfield>
  <controlfield tag="003">BR-CuiBMT</controlfield>
  <controlfield tag="005">20231215211656.0</controlfield>
  <controlfield tag="008">231215s2017    mtba          100 0 por d</controlfield>
  <datafield tag="020" ind1=" " ind2=" ">
    <subfield code="a">9788563867124</subfield>
  </datafield>
  <datafield tag="040" ind1=" " ind2=" ">
    <subfield code="a">BR-CuiBMT</subfield>
    <subfield code="c">BR-CuiBMT</subfield>
  </datafield>
  <datafield tag="080" ind1=" " ind2=" ">
    <subfield code="a">796.1</subfield>
    <subfield code="x">(=87)</subfield>
    <subfield code="x">(062)</subfield>
    <subfield code="2">2007</subfield>
  </datafield>
  <datafield tag="090" ind1=" " ind2=" ">
    <subfield code="a">796.1(=87)(062)</subfield>
    <subfield code="b">J64x</subfield>
  </datafield>
  <datafield tag="111" ind1="1" ind2=" ">
    <subfield code="a">Jogos dos Povos Ind&#xED;genas</subfield>
    <subfield code="n">(12. :</subfield>
    <subfield code="d">2017 :</subfield>
    <subfield code="c">Cuiab&#xE1;, MT)</subfield>
  </datafield>
  <datafield tag="245" ind1="1" ind2="0">
    <subfield code="a">XII jogos ind&#xED;genas =</subfield>
    <subfield code="b">Indigenous games = XII juego de los pueblos ind&#xED;genas /</subfield>
    <subfield code="c">coordena&#xE7;&#xE3;o Lauristela Guimar&#xE3;es, Daniel Munduruku ; textos Lauristela Guimar&#xE3;es, Rafaela Maximiano ; revis&#xE3;o Doralice Jacomazi ; tradu&#xE7;&#xE3;o ingl&#xEA;s Fabiano Souza, tradu&#xE7;&#xE3;o espanhol Angela Maria Fernandes ; fotos Antonio Carlos Ferreira Banavita.</subfield>
  </datafield>
  <datafield tag="246" ind1="1" ind2="1">
    <subfield code="a">Indigenous games</subfield>
  </datafield>
  <datafield tag="246" ind1="1" ind2="1">
    <subfield code="a">XII juego de los pueblos ind&#xED;genas</subfield>
  </datafield>
  <datafield tag="246" ind1="1" ind2="2">
    <subfield code="a">D&#xE9;cimo segundo jogos ind&#xED;genas</subfield>
  </datafield>
  <datafield tag="250" ind1=" " ind2=" ">
    <subfield code="a">1. ed.</subfield>
  </datafield>
  <datafield tag="260" ind1=" " ind2=" ">
    <subfield code="a">Cuiab&#xE1; :</subfield>
    <subfield code="b">Primeira P&#xE1;gina,</subfield>
    <subfield code="c">2017.</subfield>
  </datafield>
  <datafield tag="300" ind1=" " ind2=" ">
    <subfield code="a">145 p. :</subfield>
    <subfield code="b">principalmente il. color. ;</subfield>
    <subfield code="c">30 cm +</subfield>
    <subfield code="e">1 CD-ROM</subfield>
  </datafield>
  <datafield tag="500" ind1=" " ind2=" ">
    <subfield code="a">Textos em portugu&#xEA;s com tradu&#xE7;&#xE3;o paralela para o ingl&#xEA;s e para o espanhol.</subfield>
  </datafield>
  <datafield tag="590" ind1=" " ind2=" ">
    <subfield code="a">Apenas o exemplar 1 possui material adicional (CD-ROM).</subfield>
  </datafield>
  <datafield tag="611" ind1="2" ind2="4">
    <subfield code="a">Jogos Ind&#xED;genas</subfield>
    <subfield code="x">Obras ilustradas</subfield>
  </datafield>
  <datafield tag="650" ind1="0" ind2="4">
    <subfield code="a">Ind&#xED;genas da Am&#xE9;rica do Sul</subfield>
    <subfield code="x">Esportes</subfield>
    <subfield code="z">Brasil</subfield>
    <subfield code="x">Obras ilustradas</subfield>
  </datafield>
  <datafield tag="700" ind1="1" ind2=" ">
    <subfield code="a">Guimar&#xE3;es, Lauristela</subfield>
    <subfield code="e">coordena&#xE7;&#xE3;o</subfield>
  </datafield>
  <datafield tag="700" ind1="1" ind2=" ">
    <subfield code="a">Munduruku, Daniel,</subfield>
    <subfield code="d">1964-</subfield>
    <subfield code="e">coordena&#xE7;&#xE3;o</subfield>
  </datafield>
  <datafield tag="700" ind1="1" ind2=" ">
    <subfield code="a">Banavita, Antonio Carlos Ferreira</subfield>
    <subfield code="e">fotografias</subfield>
  </datafield>
  <datafield tag="942" ind1=" " ind2=" ">
    <subfield code="2">udc</subfield>
    <subfield code="c">LV</subfield>
  </datafield>
  <datafield tag="952" ind1=" " ind2=" ">
    <subfield code="0">0</subfield>
    <subfield code="1">0</subfield>
    <subfield code="2">udc</subfield>
    <subfield code="4">0</subfield>
    <subfield code="7">0</subfield>
    <subfield code="a">BIBTCEMT</subfield>
    <subfield code="b">BIBTCEMT</subfield>
    <subfield code="d">2023-12-15</subfield>
    <subfield code="l">0</subfield>
    <subfield code="o">796.1(=87)(062) J64x</subfield>
    <subfield code="p">BIBTCEMT23120580</subfield>
    <subfield code="r">2023-12-15</subfield>
    <subfield code="t">Ex. 1</subfield>
    <subfield code="w">2023-12-15</subfield>
    <subfield code="y">LV</subfield>
  </datafield>
  <datafield tag="952" ind1=" " ind2=" ">
    <subfield code="0">0</subfield>
    <subfield code="1">0</subfield>
    <subfield code="2">udc</subfield>
    <subfield code="3">Material adicional do Ex. 1 do livro</subfield>
    <subfield code="4">0</subfield>
    <subfield code="7">0</subfield>
    <subfield code="a">BIBTCEMT</subfield>
    <subfield code="b">BIBTCEMT</subfield>
    <subfield code="d">2023-12-15</subfield>
    <subfield code="l">0</subfield>
    <subfield code="o">796.1(=87)(062) J64x</subfield>
    <subfield code="p">BIBTCEMT23120590</subfield>
    <subfield code="r">2023-12-15</subfield>
    <subfield code="t">Ex. 1</subfield>
    <subfield code="w">2023-12-15</subfield>
    <subfield code="y">CD</subfield>
    <subfield code="z">CD-ROM</subfield>
  </datafield>
  <datafield tag="952" ind1=" " ind2=" ">
    <subfield code="0">0</subfield>
    <subfield code="1">0</subfield>
    <subfield code="2">udc</subfield>
    <subfield code="4">0</subfield>
    <subfield code="7">0</subfield>
    <subfield code="a">BIBTCEMT</subfield>
    <subfield code="b">BIBTCEMT</subfield>
    <subfield code="d">2023-12-15</subfield>
    <subfield code="l">0</subfield>
    <subfield code="o">796.1(=87)(062) J64x</subfield>
    <subfield code="p">BIBTCEMT23120591</subfield>
    <subfield code="r">2023-12-15</subfield>
    <subfield code="t">Ex. 2</subfield>
    <subfield code="w">2023-12-15</subfield>
    <subfield code="y">LV</subfield>
  </datafield>
  <datafield tag="999" ind1=" " ind2=" ">
    <subfield code="c">1568</subfield>
    <subfield code="d">1568</subfield>
  </datafield>
</record>
